| 000 | 00367nam a2200145Ia 4500 | ||
|---|---|---|---|
| 008 | 230917s9999||||xx |||||||||||||| ||und|| | ||
| 040 |
_e40668 _aMAIN |
||
| 041 | _aEnglish | ||
| 082 | _a968.8 S38N | ||
| 100 | _aSrivastava, Rachna | ||
| 245 | 0 | _aNamibia: a study the process of decolonization | |
| 260 |
_aDelhi _bNirmal _c1994 |
||
| 300 | _avi, 340 p. | ||
| 942 | _cBK | ||
| 999 |
_c82822 _d82822 |
||